000 00322nam a2200145Ia 4500
100 _aEdminister/J.A
250 _a2
942 _cBK
654 _aproblems
245 _aTheory and problems of electromagnetics
260 _bMcGraw Hill
_aNew york
_c1993
082 _a537.02
_bEDM
300 _a322
546 _aENGLISH
999 _c33669
_d33669